Score 0/28 Timer 03:00
0 Plays Today
Clue 4-Letter Word % Correct
Road feature to reduce speedBUMP
90.8%
West _____ StorySIDE
89.8%
Starbucks' sizeTALL
88.5%
A plane's rear~ TAIL ~
88%
Sought by a matadorBULL
87.6%
Jethro _____TULL
87.2%
CompensatedPAID
84%
Shovel's matePAIL
82.6%
Installed, as carpetLAID
81.8%
Ocean motion~ TIDE ~
79.4%
Hospital divisionWARD
77.2%
Watch reading~ TIME ~
74.7%
Workday's end, for most~ FIVE ~
74.5%
Touch down~ LAND ~
74.4%
Clue 4-Letter Word % Correct
DomesticatedTAME
73.1%
Audible breathSIGH
72.6%
Jedi opponentSITH
72.3%
Location or positionSITE
72.1%
Van Halen hit~ JUMP ~
70.2%
ScepterWAND
69.8%
Hanger material~ WIRE ~
66.5%
MerchandiseWARE
66.4%
Notoriety or reputationFAME
65.1%
Top choice, for shortFAVE
59.8%
MarryWIVE
58.2%
Word that can precede each of the marked words~ HIGH ~
52.9%
Result of a pat on the back, perhapsBURP
46.1%
Knot in a treeBURL
43.4%

Today's Daily Dose

Remove Ads.
Support Sporcle.
Get the best of Sporcle when you Go Orange. This ad-free experience offers more features, more stats, and more fun while also helping to support Sporcle. Thank you for becoming a member.

You're not logged in!

Compare scores with friends on all Sporcle quizzes.
OR
Log In

Show Comments

Extras

Top Quizzes Today


Score Distribution

Your Account Isn't Verified!

In order to create a playlist on Sporcle, you need to verify the email address you used during registration. Go to your Sporcle Settings to finish the process.

Report this User

Report this user for behavior that violates our Community Guidelines.

Details: